Statistics for Countries in North America

Click here to take the quiz!

General Stats

  • This quiz has been taken 32 times
  • The average score is 16 of 23

Answer Stats

Answer% Correct
Canada
100%
Mexico
100%
United States
100%
Cuba
76%
Nicaragua
76%
Saint Lucia
76%
Bahamas
71%
Dominica
71%
Haiti
71%
Panama
71%
Dominican Republic
65%
El Salvador
65%
Jamaica
65%
Saint Kitts and Nevis
65%
Barbados
59%
Belize
59%
Costa Rica
59%
Honduras
59%
Trinidad and Tobago
59%
Antigua and Barbuda
53%
Grenada
53%
Guatemala
53%
Saint Vincent and the Grenadines
53%

Score Distribution

Percentile by Number Answered

Percent of People with Each Score

Your Score History

You have not taken this quiz